MDQL
is popping MORE tags! Check the
thread
!
Quizzes
Events
Quiz Creation
Community
Videos
Private Events
Remove Ads
Sign In
Join for FREE
Feedback
Dark Mode
Quiz Categories
Sports
Geography
Music
Movies
Television
Just For Fun
Miscellaneous
History
Literature
Language
Science
Gaming
Entertainment
Religion
Holiday
For Kids
Quiz Lab
Recent
Popular Today
Quiz Kudos Today
Editor Picks
Curator Picks
Quizzes by...
Day
Popularity
Type
Ratings
Length
Year
Community
Subscriptions
Recent Discussions
Orange Saloon
Badges
Playlists
Quests
Create
Leaderboards
Showdown
Live 5
Trivia Bingo
Activity
Puzzle Library
Sporcle Events
Private Events
Virtual Trivia
Globe League
Become a Host
Pub Owners
SporcleCon
Opinionation
Our Games
Videos
Blog
Mobile Apps
Partnerships
Remove Ads and Go Orange
Feedback
Music
Pop Music
The Beatles
Song
Album
Lyrics
Bands
Singers
Artist
Clip
Rock
Rap
Classical
Billboard
Country Music
Kpop
Taylor Swift
Music
Pop Music
The Beatles
Song
Album
Lyrics
Bands
Singers
Artist
Clip
Rock
Rap
Classical
Billboard
Country Music
Kpop
Taylor Swift
Random Quiz
Search Sporcle
×
Quiz Lab
Quiz Lab
Music
Song
Type in answers that appear in a list
Type in answers that appear in a list
Classic
Best Score? Go Orange.
2-Word AC/DC Songs Stats
Can you name the AC/DC songs that are two words long?
By
zachHu1
10m
50 Questions
152 Plays
152 Plays
152 Plays
Comments
Comments
Give Quiz Kudos
Give Quiz Kudos
-
- Ratings
hide this ad
Replay
Link that replays current quiz
Next Quiz
Link to next quiz in quiz playlist
You Got
0%
They Got
Avg Score
46%
Avg Friend Score
Upgrade to see
Score Distribution
Jump to the score distribution portion of the page
Score
0/50
Timer
10:00
0
Plays Today
Released
Title
% Correct
1980
Hells Bells
75.7%
2008
Black Ice
75%
1976
Big Balls
73%
1975
High Voltage
73%
1975
The Jack
71.1%
2008
Big Jack
63.8%
1975
Live Wire
63.8%
1976
Problem Child
61.8%
2008
War Machine
60.5%
1977
Go Down
58.6%
2014
Play Ball
58.6%
1979
Night Prowler
57.9%
1978
Sin City
57.9%
1976
Ride On
57.2%
1981
Evil Walks
53.3%
1995
Hail Caesar
53.3%
1978
Riff Raff
53.3%
2008
Anything Goes
51.3%
2014
Sweet Candy
49.3%
1975
Little Lover
48.7%
1988
Go Zone
46.7%
1988
Two's Up
46.7%
2014
Miss Adventure
46.1%
2000
Satellite Blues
45.4%
2014
Hard Times
44.7%
Released
Title
% Correct
1995
Boogie Man
44.1%
1978
Gone Shootin'
44.1%
1983
Nervous Shakedown
44.1%
1988
Ruff Stuff
44.1%
2014
Emission Control
43.4%
2008
Money Made
43.4%
1995
The Furor
43.4%
1983
Brain Shake
42.1%
1995
Burnin' Alive
41.4%
1985
First Blood
40.8%
1975
Soul Stripper
40.8%
1995
Love Bomb
40.1%
1988
Kissin' Dynamite
38.8%
1983
Rising Power
38.8%
1993
Big Guns
38.2%
1985
Stand Up
34.9%
1975
School Days
33.6%
1975
Show Business
33.6%
1988
Mean Streak
32.2%
1975
Love Song
30.9%
1976
Fling Thing
23.7%
1997
Dirty Eyes
19.7%
1988
Snake Eye
19.1%
1975
Stick Around
17.1%
1988
Borrowed Time
13.2%
Quiz Playlist
Details
Report
Send in Message
Add To Playlist
Classic:
Type in answers that appear in a list
Last Updated: Feb 16, 2017
Quiz Scoreboard
CHALLENGE
Sign Up to Join the Scoreboard
Show All
Scores
Hide
Comments
May contain spoilers
Recently Published
Holiday 10x10 Sorting Gallery
by lukepisani3
Holiday
15m
Two Season TV Shows II
by 123Four
Television
10m
Image Sorting: Flags VI
by Barbecue
Geography
2m
More to Explore
Quiz From the Vault
Featured Blog Post
14 Easter Pick-up Lines to Find Eggs With
hide this ad
You Might Also Like...
Tags
Song Quiz
2-word
AC/DC
Today's Top Quizzes in Music
Browse Music
hide this ad
Today's Top Quizzes in Song
Browse Song
Top Contributed Quizzes in Music
1
5X2 Blitz: Bands II
2
Taylor Swift All Songs (2024)
3
5X2 Blitz: The Beatles
4
5X2 Blitz: Billboard
5
Music Artist by Three 2010s hits
6
5X2 Blitz: Billboard II
7
5X2 Blitz: Album
8
5X2 Blitz: Rock
9
5X2 Blitz: Singers
10
5X2 Blitz: Lyrics
Explore More
Trending Topics
Disney
NBA
Anime
Kpop
Harry Potter
Crossword
Marvel
Pokémon
NFL
Country
WWE
The Office
Puzzle
Song
Soccer
hide this ad
More By:
zachHu1
Quiz
Plays
Rating
Category
Featured
Created
Stanley Cup Finals Since 2000
109,665
4.30
Sports
Feb 7, 2015
Avoid the 'A' NHL Teams
46,379
4.49
Sports
Jul 30, 2015
State Quiz: Florida
24,929
4.50
Geography
Mar 8, 2015
First 300 Words: Genesis (NIV)
23,665
4.46
Religion
Mar 15, 2015
MLB: 100 Wins Ain't Enough?
18,097
4.50
Sports
Oct 8, 2015
Go to Creator's Profile
Score Distribution
Quiz Creator Spotlight
zachHu1
Follow
Send a Message
Quizzes Created
-
Created Quiz Play Count
-
More By This Creator
Popular Quizzes Today
1
Find the US States - No Outlines Minefield
2
Colored Red Africa Blitz
3
Find the 'City' Movie
4
The Countries of the World
5
5x2 Blitz: Bands
6
Find the US States
7
Find the Countries of Europe - No Outlines Minefield
8
US States
More Music Quizzes
'Will We Talk' lyrics by Sam Fender
Quiz Lab
Trending Quizzes
Colored Red Europe Blitz I
Colored Red Europe Blitz II
Colored Red Africa Blitz II
Colored Red Europe Blitz III
Colored Red Africa Blitz III
Recently Updated
Odd Team Out - Big 4 Players
pecheneg
Quick Pick: 20 Twenties
pecheneg
March Madness Men's Triple Doubles
pecheneg
How Do You Spell That?
pecheneg
Godzilla Movies
pecheneg
Grab Bag: 4-10 Letters
pecheneg
2024 March Madness Bracket
pecheneg
Famous TV Couples
Peacemaker
Champions League XIs: Real Madrid
pecheneg
Largest US Cities 1790-2010
pecheneg
Trending Topics
Crossword
Disney
Kpop
NBA
Marvel
Anime
Harry Potter
Pokémon
WWE
NFL
Puzzle
Song
The Office
Soccer
Country
Your Account Isn't Verified!
In order to create a playlist on Sporcle, you need to verify the email address you used during registration. Go to your
Sporcle Settings
to finish the process.
Report this User
Report this user for behavior that violates our
Community Guidelines
.
Details:
Send Report
Go to the Sporcle.com Mobile Site →
Comments